1,003 great things about friends / (Record no. 31117)

MARC details
000 -LEADER
fixed length control field 01531cam a2200385 a 4500
001 - CONTROL NUMBER
control field 4048289
003 - CONTROL NUMBER IDENTIFIER
control field Ost
005 - DATE AND TIME OF LATEST TRANSACTION
control field 20250905012254.0
008 - FIXED-LENGTH DATA ELEMENTS--GENERAL INFORMATION
fixed length control field 990303s1999 mou 000 0 eng
010 ## - LIBRARY OF CONGRESS CONTROL NUMBER
LC control number 99021530
020 ## - INTERNATIONAL STANDARD BOOK NUMBER
International Standard Book Number 0740700219
Qualifying information pbk.
020 ## - INTERNATIONAL STANDARD BOOK NUMBER
International Standard Book Number 9780740700217
Qualifying information (pbk.)
035 ## - SYSTEM CONTROL NUMBER
System control number 4048289
040 ## - CATALOGING SOURCE
Original cataloging agency DLC
Transcribing agency DLC
Modifying agency DLC
050 00 - LIBRARY OF CONGRESS CALL NUMBER
Classification number PN6231.F748
Item number B57 1999
082 00 - DEWEY DECIMAL CLASSIFICATION NUMBER
Classification number 818/.5402
Edition number 21
100 1# - MAIN ENTRY--PERSONAL NAME
Personal name Birnbach, Lisa.
245 10 - TITLE STATEMENT
Title 1,003 great things about friends /
Statement of responsibility, etc. Lisa Birnbach, Ann Hodgman, Patricia Marx.
246 3# - VARYING FORM OF TITLE
Title proper/short title One thousand three great things about friends
260 ## - PUBLICATION, DISTRIBUTION, ETC. (IMPRINT)
Place of publication, distribution, etc. Kansas City :
Name of publisher, distributor, etc. Andrews McMeel Pub.,
Date of publication, distribution, etc. c1999.
300 ## - PHYSICAL DESCRIPTION
Extent 314 p. ;
Dimensions 16 cm.
336 ## - CONTENT TYPE
Content type term text
Content type code txt
Source rdacontent
337 ## - MEDIA TYPE
Media type term unmediated
Media type code n
Source rdamedia
338 ## - CARRIER TYPE
Carrier type term volume
Carrier type code nc
Source rdacarrier
650 #0 - SUBJECT ADDED ENTRY--TOPICAL TERM
Topical term or geographic name as entry element Friendship
Form subdivision Humor.
655 #7 - INDEX TERM--GENRE/FORM
Genre/form data or focus term Humor.
Source of term lcgft
Authority record control number https://id.loc.gov/authorities/genreForms/gf2014026110
700 1# - ADDED ENTRY--PERSONAL NAME
Personal name Hodgman, Ann.
700 1# - ADDED ENTRY--PERSONAL NAME
Personal name Marx, Patricia
Fuller form of name (Patricia A.)
856 42 - ELECTRONIC LOCATION AND ACCESS
Materials specified Contributor biographical information
Uniform Resource Identifier <a href="http://www.loc.gov/catdir/bios/simon053/99021530.html">http://www.loc.gov/catdir/bios/simon053/99021530.html</a>
856 42 - ELECTRONIC LOCATION AND ACCESS
Materials specified Publisher description
Uniform Resource Identifier <a href="http://www.loc.gov/catdir/description/simon053/99021530.html">http://www.loc.gov/catdir/description/simon053/99021530.html</a>
906 ## - LOCAL DATA ELEMENT F, LDF (RLIN)
a 7
b cbc
c orignew
d 1
e ocip
f 19
g y-gencatlg
942 ## - ADDED ENTRY ELEMENTS (KOHA)
Koha item type Libro/Book
Holdings
Withdrawn status Lost status Damaged status Not for loan Home library Current library Date acquired Total Checkouts Full call number Barcode Date last seen Price effective from Koha item type
        San Juan Del Sur -- Biblioteca San Juan Del Sur -- Biblioteca 05/09/2025   NF 30023413 05/09/2025 05/09/2025 Libro/Book

Powered by Koha